Normal view
MARC view
Entry Personal Name
001 - CONTROL NUMBER
- control field: 23074
003 - CONTROL NUMBER IDENTIFIER
- control field: dpl
005 - DATE AND TIME OF LATEST TRANSACTION
- control field: 20101006163417.0
008 - FIXED-LENGTH DATA ELEMENTS
- fixed length control field: 101006|||a|||||| | ||| d
040 ## - CATALOGING SOURCE
- Original cataloging agency: dpl
- Transcribing agency: dpl
100 ## - HEADING--PERSONAL NAME
- Personal name: अरूण
670 ## - SOURCE DATA FOUND
- Source citation: Work cat.: (dpl)34177: अरूण, रोचक और रोमांचक अंटार्कटिका /, 2010
670 ## - SOURCE DATA FOUND
- Source citation: Work cat.: (dpl)34177: अरूण, रोचक और रोमांचक अंटार्कटिका /, 2010
